• 首页
  • 本馆介绍
  • 公告通知
  • 最新文献
  • 馆藏检索
  • 电子资源
  • 读者导购
  • 参考咨询
  • 我的图书馆
  • 登录
  • 详细信息显示
  • 放入我的书架
  • 预约/预借图书
  • 作者相关作品
  • 分类相关作品
  • 丛书相关作品
  • 出版社相关作品

书目信息

  • 表格格式
  • 工作单格式
  • 卡片格式
题名:
天香轻染衣
    
 
作者: 斯蒂斯尼 , 吴娟玲 著 ;祝茜 译
分册:  
出版信息: 南昌   江西美术出版社  2017.05
页数: 7页
开本: 40cm
丛书名:
单 册:
中图分类: Q178.53-49 , J212.2
科图分类:
主题词: 海洋生物--普及读物 , 绘画--技法(美术)
电子资源:
ISBN: 978-7-5480-5303-3
000 01376nam0 2200313 450
001 008344796
005 20181225151145.96
010    @a978-7-5480-5303-3@b@dCNY 15.00
100    @a20170217d2017 em y0chiy0110 ea
101 1  @achi@ceng
102    @aCN@b500000
105    @aa z 001yy
200 1  @a天香轻染衣@Atian xiang qing ran yi@9wei da de hai yang@dOpulent oceans@e《原大版现代工笔小品技法临摹范本》@f吴娟玲@Fwu juan ling@g祝茜等译@zeng
210    @a南昌@c江西美术出版社@d2017.05
215    @a7页@c彩图@d40cm
300    @a自然的历史 来自美国自然历史博物馆图书馆的珍本典藏
330    @a《原大版现代工笔小品技法临摹范本》系列丛书是一套工笔小品技法讲解类图书。我们用原大版的方式呈现一张画的完整技法,并以此来独立成书。除了详细的技法步骤讲解外,书中还包括白描线稿和多幅作品高清大图,方便读者临摹学习,力求让读者通过对一张画的深入学习来领略各种工笔技法的纸上魅力。
510 1  @aOpulent oceans@zeng
517 1  @a《原大版现代工笔小品技法临摹范本》@A《yuan da ban xian dai gong bi xiao pin ji fa lin mo fan ben》
606 0  @a海洋生物@j普及读物
606 0  @a绘画@x技法(美术)
690    @aQ178.53-49@v5
690    @aJ212.2@v4
701  0 @c(美)@a斯蒂斯尼@9si di si ni@c(Stiassny, Melanie L. J.)@4著
701  0 @a吴娟玲@Awu juan ling
702  0 @a祝茜@9zhu qian@4译
801  0 @aCN@bMUSE@c20181225
905    @aBZT@dJ212.2@e2
906    @dCNY88.00@n3@r1
    
    天香轻染衣=Opulent oceans:《原大版现代工笔小品技法临摹范本》/吴娟玲/祝茜等译.-南昌:江西美术出版社,2017.05
    7页:彩图;40cm
    自然的历史 来自美国自然历史博物馆图书馆的珍本典藏
    
    ISBN 978-7-5480-5303-3:CNY 15.00
    《原大版现代工笔小品技法临摹范本》系列丛书是一套工笔小品技法讲解类图书。我们用原大版的方式呈现一张画的完整技法,并以此来独立成书。除了详细的技法步骤讲解外,书中还包括白描线稿和多幅作品高清大图,方便读者临摹学习,力求让读者通过对一张画的深入学习来领略各种工笔技法的纸上魅力。
●
相关链接 在五车中查询图书 在当当中查询图书 在豆瓣中查询图书


正题名:天香轻染衣     索取号:J212.2/2         预约/预借

序号 登录号 条形码 馆藏地/架位号 状态 备注
1 855481   2000855481   第二书库/ [索取号:J212.2/2] 在馆    
2 855482   2000855482   第二书库/ [索取号:J212.2/2] 已借出,限还日期为2026.04.27
借出人:徐慧  
 
3 855483   2000855483   第二书库/ [索取号:J212.2/2] 在馆    
山东省滨州职业学院图书馆 欢迎您!
大连网信软件有限公司© 版权所有